EE Words Quiz Stats

 Plays Quiz Updated Nov 6, 2018

Support Sporcle.
Go Orange.
Score 0/16 Timer 04:00
1 Play Today
Hint Answer % Correct
A unit of measurement for temperature, angles, or arcsDegree
84.6%
The joint of the leg that allows for movement between the femur and tibiaKnee
84.5%
Brewed beverage found at Starbucks and essential for keeping Sporcle running.Coffee
81.3%
A patch of false hair for covering a bald spotToupee
78.5%
A dish served as the main course of a meal; the privilege of admittanceEntrée
77.9%
A person who flees for safety as in time of political upheaval (Tom Petty believes you don't have to live like one)Refugee
76.7%
Embankment for preventing flooding, it's bad when they breakLevee
74.3%
A lively frolic or outing, often spent shopping.Spree
72.6%
Hint Answer % Correct
Open delight or pleasure, exultant joy (or a show on FOX)Glee
71.7%
An assurance for the fulfillment of a condition (good for getting your money back)Guarantee
68.9%
An implement edged with rubber or the like, for removing water from windows after washingSqueegee
64.2%
An anthropoid ape of equatorial AfricaChimpanzee
57%
A (seemingly blind) judge having functions fixed by the rules of a gameReferee
54.9%
Distinguished, excellent, or pure ancestry; line of descentPedigree
48.3%
A spirit in the form of a wailing woman who appears as a sign to one who is about to dieBanshee
44.8%
A quick or witty reply; interchange of clever retortsRepartee
36.2%

From the Vault

Blitz: Is It in Italy?

by beforever

Geography 60s
If you're looking for pizza and really old art, the answer is yes!
Remove Ads.
Support Sporcle.
Get the best of Sporcle when you Go Orange. This ad-free experience offers more features, more stats, and more fun while also helping to support Sporcle. Thank you for becoming a member.

Show Comments

Extras

Top Quizzes Today


Score Distribution

Your Account Isn't Verified!

In order to create a playlist on Sporcle, you need to verify the email address you used during registration. Go to your Sporcle Settings to finish the process.

Report this User

Report this user for behavior that violates our Community Guidelines.

Details: